| 000 | 01109nam a22002777a 4500 | ||
|---|---|---|---|
| 999 |
_c96290 _d96290 |
||
| 005 | 20230301114906.0 | ||
| 010 | _a1516EN07 ENG-114687 ENG-136085 | ||
| 020 |
_c695.00 _a9788174369956 |
||
| 035 | _aEN-98219 | ||
| 035 | _aB-604030-040 | ||
| 035 | _aB-667405 | ||
| 035 | _aEN-119617 | ||
| 037 |
_bAakar/ven _aDPL |
||
| 037 | _bDBAD/PUB | ||
| 082 | _a330.954 | ||
| 245 |
_aBuilding a better India : _bHindustan Times Leadership Summit |
||
| 260 |
_bRoli Books _c2014 _aNew Delhi |
||
| 270 |
_aM-75, G.K. II Market _bNew Delhi _e110048 |
||
| 300 |
_a272p. _c23cm(Hb) |
||
| 650 |
_aEconomic history _y1990- _vCongresses. |
||
| 650 |
_aWorld politics _y1989- _vCongresses. |
||
| 710 | _aHindustan Times | ||
| 942 |
_2ddc _cEN _mBUI _h330.954 |
||